| 000 | 01855nam0a2200385 4500 | ||
|---|---|---|---|
| 001 | RU\NLR\bibl\1444096 | ||
| 005 | 20260405204340.0 | ||
| 010 |
_a978-5-8015-0245-8 _9300 |
||
| 035 | _a(NLR Aleph) 001435942 | ||
| 090 |
_a1432377 _c1432377 |
||
| 100 | _a20090928d2009 |||y0rusy50 ca | ||
| 101 | 0 |
_arus _aeng |
|
| 102 | _aRU | ||
| 105 | _aa ||||||||| | ||
| 200 | 1 |
_aУправление знаниями _dKnowledge management _eаннотированный библиографический указатель, (1993-2007) _fА.С. Крымская, Е.Ю. Гранкина _gБ-ка Рос. акад. наук _zeng |
|
| 210 |
_aСанкт-Петербург _cЕвропейский Дом _d2009 |
||
| 215 |
_a332 с. _cил. _d21 |
||
| 300 | _aАвт. также на англ. яз.: A.C. Krymskaya, E.Yu. Grankina | ||
| 300 | _aНа 4-й с. обл. 1-й авт.: Крымская А.С. - к.п.н. | ||
| 300 | _aЧасть текста на англ. яз. | ||
| 320 | _aИмен. указ.: с. 298-312 | ||
| 510 | 1 |
_6z22790 _aKnowledge management _zeng |
|
| 606 | 1 |
_aИнтеллектуальный капитал _jБиблиография аннотированная _92279556 _3RU\NLR\auth\661365827 |
|
| 686 | _aС550.56я1 | ||
| 700 | 1 |
_4070 _8rus _7ca _aКрымская _bА. С. _f1976- _gАльбина Самиуловна _3RU\NLR\AUTH\7791632 _974559 |
|
| 701 | 1 |
_4070 _8rus _7ca _aГранкина _bЕ. Ю. _gЕлена Юрьевна _3RU\NLR\auth\7791634 _974561 |
|
| 790 | 1 |
_4070 _8rus _7ba _aKrymskaja _bА. S. _f1976- _gАl'bina Samiulovna _3RU\NLR\auth\7791633 _974560 |
|
| 790 | 1 |
_4070 _8eng _7ba _aGrankina _bE. Ju. _gElena Jur'evna _3RU\NLR\auth\7791635 _974562 |
|
| 801 | 0 |
_aRU _bNLR _c20090928 _gRCR |
|
| 801 | 1 |
_aRU _bNLR _c20090928 |
|
| 830 | _aавт. по кн. | ||
| 942 | _cBOOK | ||
| 980 | _aNB | ||